[Event "Oberliga Bayern 2122"]
[Site "Bayern"]
[Date "2022.06.26"]
[Round "3.3"]
[White "Grawe, Christian"]
[Black "Eichinger, Christoph"]
[Result "1-0"]
[WhiteElo "2258"]
[BlackElo "2222"]
[PlyCount "49"]
[EventDate "2021.10.24"]
[EventType "team-tourn"]
[EventRounds "9"]
[EventCountry "GER"]
[SourceTitle "EXT 2024"]
[Source "ChessBase"]
[SourceDate "2023.10.10"]
[SourceVersion "1"]
[SourceVersionDate "2023.10.10"]
[SourceQuality "1"]
[WhiteTeam "Groebenzell"]
[BlackTeam "Kareth Lappersdorf"]
[WhiteTeamCountry "GER"]
[BlackTeamCountry "GER"]

1. e4 c5 2. c3 d5 3. exd5 Qxd5 4. d4 Nf6 5. Nf3 e6 6. Na3 Qd8 7. Bg5 cxd4 8. Nxd4 a6 9. Be2 Be7 10. 0-0 0-0 11. Nc4 Nbd7 12. Bf3 Nb6 13. Ne5 Nfd7 14. Nec6 Bxg5 15. Nxd8 Rxd8 16. Qb3 Re8 17. Rfe1 g6 18. Rad1 Rb8 19. a4 Bd8 20. a5 Na8 21. Nxe6 fxe6 22. Rxe6 Rxe6 23. Qxe6+ Kg7 24. Rxd7+ Bxd7 25. Qe5+ 1-0

[Event "Landesliga Nord 1920"]
[Site "Bayern"]
[Date "2020.01.19"]
[Round "5.2"]
[White "Kuhn, Tobias"]
[Black "Eichinger, Christoph"]
[Result "0-1"]
[WhiteElo "2189"]
[BlackElo "2226"]
[PlyCount "58"]
[EventDate "2019.09.29"]
[EventType "team-tourn"]
[EventRounds "9"]
[EventCountry "GER"]
[SourceTitle "EXT 2021"]
[Source "ChessBase"]
[SourceDate "2020.10.23"]
[SourceVersion "1"]
[SourceVersionDate "2020.10.23"]
[SourceQuality "1"]
[WhiteTeam "Klingenberg"]
[BlackTeam "Kareth Lappersdorf"]
[WhiteTeamCountry "GER"]
[BlackTeamCountry "GER"]

1. e4 c5 2. Nf3 e6 3. d4 cxd4 4. Nxd4 a6 5. c4 Nf6 6. Nc3 Qc7 7. a3 d6 8. Be2 Nbd7 9. Be3 b6 10. Rc1 Bb7 11. f3 Rc8 12. 0-0 Be7 13. b4 Qb8 14. Nb3 Bd8 15. Qd2 Bc7 16. Rfd1 d5 17. cxd5 Bxh2+ 18. Kh1 exd5 19. f4 Rxc3 20. Qxc3 Bxf4 21. exd5 0-0 22. Bf3 Re8 23. Bxf4 Qxf4 24. Qc7 Ne5 25. Re1 Qh4+ 26. Kg1 Nxf3+ 27. gxf3 Rxe1+ 28. Rxe1 Qxe1+ 29. Kg2 Bxd5 0-1

[Event "Landesliga Nord 1718"]
[Site "Bayern"]
[Date "2017.12.10"]
[Round "4.3"]
[White "Eichinger, Christoph"]
[Black "Weigel, Robert"]
[Result "1-0"]
[WhiteElo "2193"]
[BlackElo "2044"]
[PlyCount "87"]
[EventDate "2017.10.22"]
[EventType "team-tourn"]
[EventRounds "9"]
[EventCountry "GER"]
[SourceTitle "EXT 2022"]
[Source "ChessBase"]
[SourceDate "2021.10.06"]
[SourceVersion "1"]
[SourceVersionDate "2021.10.06"]
[SourceQuality "1"]
[WhiteTeam "Kareth Lappersdorf"]
[BlackTeam "Forchheim SC II"]
[WhiteTeamCountry "GER"]
[BlackTeamCountry "GER"]

1. e4 c5 2. Nf3 Nf6 3. Nc3 d6 4. d4 cxd4 5. Nxd4 a6 6. Be3 Ng4 7. Bc1 Nf6 8. h3 e6 9. g4 Be7 10. Bg2 h6 11. Be3 Qc7 12. Qd2 Nc6 13. Nde2 Ne5 14. b3 Ng6 15. 0-0 Bd7 16. f4 Rc8 17. Qd3 0-0 18. a3 b5 19. Rfc1 Qb8 20. Nd1 Bd8 21. c3 Bb6 22. Kh2 Rfd8 23. Bxb6 Qxb6 24. Ne3 Bc6 25. Rf1 Qb7 26. Ng3 e5 27. Nd5 Bxd5 28. exd5 Nxf4 29. Rxf4 exf4 30. Nf5 Qc7 31. Rc1 Re8 32. Qd4 Re5 33. c4 g6 34. Nxh6+ Kg7 35. Qxf4 Qe7 36. Rf1 Rc7 37. h4 bxc4 38. g5 Nxd5 39. Qd4 f5 40. Bxd5 cxb3 41. Rxf5 gxf5 42. Nxf5+ Kf8 43. Nxe7 Rcxe7 44. Qf2+ 1-0

[Event "Landesliga Nord 1718"]
[Site "Bayern"]
[Date "2017.11.26"]
[Round "3.3"]
[White "Havlik, Jindrich"]
[Black "Eichinger, Christoph"]
[Result "0-1"]
[WhiteElo "2077"]
[BlackElo "2193"]
[PlyCount "58"]
[EventDate "2017.10.22"]
[EventType "team-tourn"]
[EventRounds "9"]
[EventCountry "GER"]
[SourceTitle "EXT 2022"]
[Source "ChessBase"]
[SourceDate "2021.10.06"]
[SourceVersion "1"]
[SourceVersionDate "2021.10.06"]
[SourceQuality "1"]
[WhiteTeam "Bad Koetzting"]
[BlackTeam "Kareth Lappersdorf"]
[WhiteTeamCountry "GER"]
[BlackTeamCountry "GER"]

1. e4 c5 2. Nf3 e6 3. d4 cxd4 4. Nxd4 a6 5. Bd3 Bc5 6. Nb3 Be7 7. 0-0 d6 8. c4 Nf6 9. Nc3 Nbd7 10. f4 Qc7 11. Be3 0-0 12. g4 Rd8 13. g5 Ne8 14. Nd4 Bf8 15. Qe2 g6 16. f5 Ne5 17. Rf2 Qe7 18. Raf1 Nc7 19. f6 Qd7 20. Bc2 d5 21. Ba4 b5 22. cxb5 axb5 23. Bf4 bxa4 24. Bxe5 Ba6 25. Qf3 Bxf1 26. Kxf1 dxe4 27. Nxe4 Nb5 28. Ne2 Qd5 29. Qf4 Rac8 0-1

[Event "Oberliga Bayern 1617"]
[Site "Bayern"]
[Date "2017.03.19"]
[Round "7.3"]
[White "Lehner, Oliver"]
[Black "Eichinger, Christoph"]
[Result "1/2-1/2"]
[WhiteElo "2403"]
[BlackElo "2132"]
[PlyCount "46"]
[EventDate "2016.10.16"]
[EventType "team-tourn"]
[EventRounds "9"]
[EventCountry "GER"]
[SourceTitle "EXT 2019"]
[Source "ChessBase"]
[SourceDate "2018.10.10"]
[SourceVersion "1"]
[SourceVersionDate "2018.10.10"]
[SourceQuality "1"]
[WhiteTeam "Weilheim"]
[BlackTeam "Kareth Lappersdorf"]
[WhiteTeamCountry "GER"]
[BlackTeamCountry "GER"]

1. d4 d5 2. c4 c6 3. Nf3 Nf6 4. Qc2 dxc4 5. Qxc4 Bf5 6. g3 e6 7. Bg2 Be7 8. 0-0 0-0 9. e3 Nbd7 10. Nc3 h6 11. Qe2 Bg4 12. h3 Bxf3 13. Qxf3 e5 14. d5 e4 15. Nxe4 Nxd5 16. Bd2 Ne5 17. Qe2 Qb6 18. Nc3 Nf6 19. Rac1 Rfd8 20. Rc2 Nd3 21. e4 Nb4 22. Rcc1 Nd3 23. Rc2 Nb4 1/2-1/2

[Event "Oberliga Bayern 1516"]
[Site "Bayern"]
[Date "2016.01.17"]
[Round "5.3"]
[White "Pieper, Thomas"]
[Black "Eichinger, Christoph"]
[Result "0-1"]
[WhiteElo "2197"]
[BlackElo "2132"]
[PlyCount "96"]
[EventDate "2015.10.11"]
[EventType "team-tourn"]
[EventRounds "9"]
[EventCountry "GER"]
[SourceTitle "EXT 2018"]
[Source "ChessBase"]
[SourceDate "2017.10.13"]
[SourceVersion "1"]
[SourceVersionDate "2017.10.13"]
[SourceQuality "1"]
[WhiteTeam "Groebenzell"]
[BlackTeam "Kareth Lappersdorf"]
[WhiteTeamCountry "GER"]
[BlackTeamCountry "GER"]

1. e4 c5 2. Nf3 e6 3. d4 cxd4 4. Nxd4 a6 5. Bd3 Nf6 6. Qe2 d6 7. 0-0 Qc7 8. a4 g6 9. a5 Bg7 10. Be3 d5 11. Nd2 0-0 12. c3 dxe4 13. Nxe4 Nd5 14. Nb3 Nxe3 15. Qxe3 Nc6 16. Nec5 Ne7 17. Qf3 Rb8 18. Rfd1 Nc6 19. Be2 Rd8 20. Rxd8+ Nxd8 21. Rd1 Nc6 22. Qd3 Be5 23. g3 Nxa5 24. Nxa5 Qxc5 25. Qd8+ Kg7 26. Nc4 b5 27. Nd6 Bxd6 28. Qxd6 Qxd6 29. Rxd6 Kf6 30. Rd8 h5 31. c4 Ke7 32. Rh8 Kd7 33. Rf8 Ke7 34. Rh8 Kd7 35. Rf8 bxc4 36. Rxf7+ Kd6 37. Bxc4 Rxb2 38. Ra7 Rb6 39. Rg7 Bb7 40. f3 Bxf3 41. Bxe6 Be4 42. Bc8 Kc5 43. Kf2 Kd4 44. Rd7+ Bd5 45. h4 a5 46. Ke2 a4 47. Kd2 a3 48. Ra7 a2 0-1

[Event "Oberliga Bayern 1516"]
[Site "Bayern"]
[Date "2015.12.13"]
[Round "4.3"]
[White "Eichinger, Christoph"]
[Black "Hiermann, Dietmar"]
[Result "0-1"]
[WhiteElo "2132"]
[BlackElo "2268"]
[PlyCount "100"]
[EventDate "2015.10.11"]
[EventType "team-tourn"]
[EventRounds "9"]
[EventCountry "GER"]
[SourceTitle "EXT 2018"]
[Source "ChessBase"]
[SourceDate "2017.10.13"]
[SourceVersion "1"]
[SourceVersionDate "2017.10.13"]
[SourceQuality "1"]
[WhiteTeam "Kareth Lappersdorf"]
[BlackTeam "Passau"]
[WhiteTeamCountry "GER"]
[BlackTeamCountry "GER"]

1. e4 e5 2. Nf3 Nc6 3. d4 exd4 4. Bc4 Bc5 5. c3 d3 6. b4 Bb6 7. Qb3 Qe7 8. 0-0 d6 9. Bxd3 Nf6 10. Nbd2 0-0 11. Bb2 a6 12. c4 Ng4 13. Rae1 Nge5 14. Qc3 f6 15. Bb1 Be6 16. Rc1 Qf7 17. a3 Rad8 18. Rfd1 Kh8 19. c5 Ba7 20. Qe3 Qh5 21. Nd4 Nxd4 22. Bxd4 Ng4 23. Qg3 dxc5 24. Bxc5 Bxc5 25. bxc5 Ne5 26. Bc2 Rd7 27. f3 Rfd8 28. Qf2 Nd3 29. Bxd3 Rxd3 30. Qe2 Qg5 31. h4 Qe5 32. Nb3 Rxd1+ 33. Rxd1 Rxd1+ 34. Qxd1 Bxb3 35. Qxb3 Qxc5+ 36. Kh2 b5 37. Qf7 Qd6+ 38. Kh1 h6 39. h5 Qd1+ 40. Kh2 Qd8 41. f4 c5 42. g3 Qb8 43. Qe6 b4 44. axb4 cxb4 45. e5 fxe5 46. f5 Qf8 47. Qxe5 b3 48. g4 Qf6 49. Qb8+ Kh7 50. Qxb3 Qh4+ 0-1

[Event "Oberpfalz-ch M1"]
[Site "Sinzing"]
[Date "2014.04.14"]
[Round "5"]
[White "Etlender, Roman"]
[Black "Eichinger, Christoph"]
[Result "1-0"]
[WhiteElo "2176"]
[BlackElo "2012"]
[PlyCount "73"]
[EventDate "2014.04.12"]
[EventType "swiss"]
[EventRounds "8"]
[EventCountry "GER"]
[SourceTitle "EXT 2022"]
[Source "ChessBase"]
[SourceDate "2021.10.06"]
[SourceVersion "1"]
[SourceVersionDate "2021.10.06"]
[SourceQuality "1"]

1. e4 c5 2. c4 Nc6 3. Nc3 g6 4. g3 Bg7 5. Bg2 Nf6 6. Nge2 0-0 7. a3 d6 8. h3 a6 9. Rb1 Nd4 10. b4 Nd7 11. d3 Rb8 12. 0-0 e5 13. bxc5 dxc5 14. a4 h6 15. Ba3 Nxe2+ 16. Qxe2 b6 17. Qc2 Bb7 18. a5 Bc6 19. axb6 Rxb6 20. Nd5 Bxd5 21. cxd5 Rb5 22. Rb3 Qb6 23. Rc3 Rb8 24. h4 Bf8 25. Bh3 Qd6 26. Kg2 R8b7 27. Ra1 Nb8 28. Rc1 Rc7 29. h5 Kh7 30. Qe2 a5 31. d4 exd4 32. Qxb5 dxc3 33. Qxb8 Bg7 34. hxg6+ fxg6 35. Be6 Bf8 36. Rxc3 Kg7 37. Rf3 1-0

[Event "Oberliga Bayern 1314"]
[Site "Bayern"]
[Date "2013.11.10"]
[Round "2.4"]
[White "Kotz, Reinhard"]
[Black "Eichinger, Christoph"]
[Result "0-1"]
[WhiteElo "2189"]
[BlackElo "1990"]
[PlyCount "66"]
[EventDate "2013.10.13"]
[EventType "team-tourn"]
[EventRounds "9"]
[EventCountry "GER"]
[SourceTitle "EXT 2015"]
[Source "ChessBase"]
[SourceDate "2014.11.20"]
[SourceVersion "1"]
[SourceVersionDate "2014.11.20"]
[SourceQuality "1"]
[WhiteTeam "Puschendorf"]
[BlackTeam "Kareth Lappersdorf"]
[WhiteTeamCountry "GER"]
[BlackTeamCountry "GER"]

1. f4 Nf6 2. Nf3 g6 3. g3 Bg7 4. Bg2 0-0 5. d3 c5 6. 0-0 Nc6 7. c3 d6 8. Na3 Rb8 9. e4 b5 10. Bd2 c4 11. Qe2 cxd3 12. Qxd3 Ng4 13. Nc2 Qb6+ 14. Ne3 b4 15. Rfe1 Ba6 16. Qc2 Rfc8 17. h3 Nd4 18. Nxd4 Nxe3 19. Bxe3 Bxd4 20. Qf2 Bxe3 21. Rxe3 bxc3 22. bxc3 Qb2 23. Qe1 Rc5 24. Rd1 Qxa2 25. Ra1 Qc4 26. Qf2 Rcb5 27. Ree1 Rb2 28. Qe3 R8b6 29. e5 dxe5 30. fxe5 Rxg2+ 31. Kxg2 Rb2+ 32. Kg1 Bb7 33. Rab1 Qd5 0-1

[Event "Bayern-ch"]
[Site "Westerndorf St Peter"]
[Date "2013.08.29"]
[Round "7.14"]
[White "Schlichtmann, Robin"]
[Black "Eichinger, Christoph"]
[Result "1/2-1/2"]
[WhiteElo "1983"]
[BlackElo "1989"]
[PlyCount "56"]
[EventDate "2013.08.25"]
[EventType "swiss"]
[EventRounds "9"]
[EventCountry "GER"]
[SourceTitle "EXT 2019"]
[Source "ChessBase"]
[SourceDate "2018.10.10"]
[SourceVersion "1"]
[SourceVersionDate "2018.10.10"]
[SourceQuality "1"]

1. e4 c5 2. Nc3 Nc6 3. g3 g6 4. Bg2 Bg7 5. d3 d6 6. f4 e6 7. Nf3 Nge7 8. 0-0 0-0 9. Be3 b6 10. d4 d5 11. exd5 Nf5 12. Bf2 Ncxd4 13. Ne5 exd5 14. Nxd5 Be6 15. Ne3 Nxe3 16. Bxe3 Rc8 17. c3 Nf5 18. Bf2 Qc7 19. Qe2 Rfd8 20. g4 Ne7 21. Bh4 Bd5 22. Rad1 Bxg2 23. Qxg2 Rxd1 24. Rxd1 Rd8 25. Qe2 Rxd1+ 26. Qxd1 h6 27. Bg3 Nc6 28. Qd5 Nxe5 1/2-1/2

[Event "Bayern-ch"]
[Site "Westerndorf St Peter"]
[Date "2013.08.28"]
[Round "6.15"]
[White "Eichinger, Christoph"]
[Black "Lochte, Thomas"]
[Result "1/2-1/2"]
[WhiteElo "1989"]
[BlackElo "2164"]
[PlyCount "31"]
[EventDate "2013.08.25"]
[EventType "swiss"]
[EventRounds "9"]
[EventCountry "GER"]
[SourceTitle "EXT 2019"]
[Source "ChessBase"]
[SourceDate "2018.10.10"]
[SourceVersion "1"]
[SourceVersionDate "2018.10.10"]
[SourceQuality "1"]

1. e4 e5 2. Nf3 Nf6 3. Nxe5 d6 4. Nf3 Nxe4 5. d4 d5 6. Bd3 Be7 7. 0-0 Bg4 8. Nbd2 Nxd2 9. Bxd2 Qd6 10. Re1 Nc6 11. c3 0-0 12. Qe2 Qf6 13. Qe3 Bxf3 14. Qxf3 Qxf3 15. gxf3 Bd6 16. Re2 1/2-1/2

[Event "Bayern-ch"]
[Site "Westerndorf St Peter"]
[Date "2013.08.25"]
[Round "1.12"]
[White "Bintakies, Michael"]
[Black "Eichinger, Christoph"]
[Result "1-0"]
[WhiteElo "2189"]
[BlackElo "1989"]
[PlyCount "75"]
[EventDate "2013.08.25"]
[EventType "swiss"]
[EventRounds "9"]
[EventCountry "GER"]
[SourceTitle "EXT 2019"]
[Source "ChessBase"]
[SourceDate "2018.10.10"]
[SourceVersion "1"]
[SourceVersionDate "2018.10.10"]
[SourceQuality "1"]

1. f4 Nf6 2. Nf3 d5 3. g3 c5 4. Bg2 Nc6 5. 0-0 e6 6. d3 Be7 7. c3 Qc7 8. Qc2 b6 9. e4 Ba6 10. e5 Nd7 11. a4 0-0-0 12. Na3 Rdg8 13. Nb5 Qb8 14. d4 c4 15. b3 cxb3 16. Qd3 Bxb5 17. Qxb5 Na5 18. Nd2 Qa8 19. Ba3 Bxa3 20. Rxa3 Qc6 21. Nxb3 Qxb5 22. axb5 Nxb3 23. Rxb3 Kb8 24. f5 Rf8 25. Bh3 exf5 26. Rxf5 g6 27. Rf1 f5 28. Bg2 Rd8 29. Ra3 h5 30. Ra6 Nf8 31. Rfa1 Rh7 32. c4 Ne6 33. cxd5 Nxd4 34. d6 Kc8 35. Rxa7 Rxa7 36. Rxa7 Nxb5 37. Ra8+ Kd7 38. e6+ 1-0

[Event "Oberpfalz-ch M1"]
[Site "Neutraubling"]
[Date "2013.03.25"]
[Round "6"]
[White "Eichinger, Christoph"]
[Black "Giessmann, Stephan"]
[Result "1/2-1/2"]
[WhiteElo "1963"]
[BlackElo "2241"]
[PlyCount "44"]
[EventDate "2013.03.23"]
[EventType "swiss"]
[EventRounds "8"]
[EventCountry "GER"]
[SourceTitle "EXT 2022"]
[Source "ChessBase"]
[SourceDate "2021.10.06"]
[SourceVersion "1"]
[SourceVersionDate "2021.10.06"]
[SourceQuality "1"]

1. e4 e6 2. d4 d5 3. exd5 exd5 4. Bd3 Nc6 5. c3 Nf6 6. h3 Be6 7. Qf3 Qd7 8. Ne2 0-0-0 9. b4 Ne4 10. Nd2 f5 11. Bxe4 fxe4 12. Qe3 Ne7 13. Ng3 h5 14. Nb3 h4 15. Nc5 Qc6 16. Nxe6 Qxe6 17. Nf1 Nf5 18. Qe2 Qc6 19. Bd2 g6 20. Ne3 Bh6 21. Rc1 Bxe3 22. Bxe3 Nxe3 1/2-1/2